000
00325 a2200145 4500
082
_a
910.4
090
_c
7074
_d
7074
100
_a
Ibne Insha
245
_a
Dniya gol hai
_c
Ibne Insha
260
_a
Lahore
_b
Lahore Academy
_c
2010
300
_a
320 p.
650
_a
Urdu fiction
700
_a
Ibne Insha
942
_c
BK
_k
910.4 IBN
999
_c
10879
_d
10879